Mercy among the children / (Registro nro. 30030)
[ vista simple ]
| 000 -LEADER | |
|---|---|
| fixed length control field | 01534nam a22001697a 4500 |
| 003 - CONTROL NUMBER IDENTIFIER | |
| control field | OSt |
| 005 - DATE AND TIME OF LATEST TRANSACTION | |
| control field | 20250619121511.0 |
| 008 - FIXED-LENGTH DATA ELEMENTS--GENERAL INFORMATION | |
| fixed length control field | 230518s2000 |||||||| |||| 00| f eng d |
| 020 ## - INTERNATIONAL STANDARD BOOK NUMBER | |
| International Standard Book Number | 0385259956 |
| 040 ## - CATALOGING SOURCE | |
| Original cataloging agency | CO-JMCR |
| Language of cataloging | spa |
| Transcribing agency | CO-JMCR |
| 041 ## - LANGUAGE CODE | |
| Language code of text/sound track or separate title | eng |
| 082 ## - DEWEY DECIMAL CLASSIFICATION NUMBER | |
| Classification number | A-N |
| Item number | ADAm |
| 100 1# - MAIN ENTRY--PERSONAL NAME | |
| Personal name | Adams Richards, David |
| Relator term | autor |
| 9 (RLIN) | 42736 |
| 245 ## - TITLE STATEMENT | |
| Title | Mercy among the children / |
| Statement of responsibility, etc. | David Adams Richards |
| 520 ## - SUMMARY, ETC. | |
| Summary, etc. | At the age of twelve, Sydney Henderson pushes his friend Connie Devlin from the church roof. Looking down on Connie's motionless body, Sydney believes he is dead. Let Connie live and I will never harm another soul, Sydney vows to God. At that moment, Connie stand up, wipes his bloody nose, and with a laugh, walks away. In the years that follow, the self-educated, brilliant and now almost pathologically gentle Sydney holds true to his promise. Yet others in the small rural community regard Sydney's pacifism as an opportunity to exploit and torment the vulnerable Hendersons. <br/>Raised on the books his father has long collected, Sydney's eldest son Lyle shares a deep respect for the power of words. But forced to witness the persecution of those he loves, Lyle turns his back on God and literature and adopts a more aggressive strategy for the protection of his family. An exploration of how humanity faces inhumanity, how lies and disappointments cannot and will never destroy truth and human greatness, Mercy Among the Children is a novel set in a particular time and place, yet universal in its message. |
| 942 ## - ADDED ENTRY ELEMENTS (KOHA) | |
| Source of classification or shelving scheme | Dewey Decimal Classification |
| Koha item type | Books |
| Withdrawn status | Lost status | Source of classification or shelving scheme | Damaged status | Not for loan | Home library | Current library | Shelving location | Date acquired | Source of acquisition | Total Checkouts | Full call number | Barcode | Date last seen | Date last checked out | Copy number | Price effective from | Koha item type |
|---|---|---|---|---|---|---|---|---|---|---|---|---|---|---|---|---|---|
| Dewey Decimal Classification | Biblioteca Pública José María del Castillo y Rada | Biblioteca Pública José María del Castillo y Rada | New Materials Shelf | 05/18/2023 | Donación | 3 | A-N ADAm | 201811841 | 06/25/2024 | 06/25/2024 | Ej.1 | 05/18/2023 | Books |